LIBRARY & INFORMATION CENTRE, KCAET, TAVANUR

ONLINE PUBLIC ACCESS CATALOGUE (OPAC)

Changing face of processed food industry in India / (Record no. 13082)

MARC details
000 -LEADER
fixed length control field 00454cam a2200169ua 4500
041 ## - LANGUAGE CODE
Language code of text/sound track or separate title eng
082 ## - DEWEY DECIMAL CLASSIFICATION NUMBER
Classification number 664
Item number BAI/CH
100 ## - MAIN ENTRY--AUTHOR NAME
Personal name Baisya, Rajat Kanti .
245 ## - TITLE STATEMENT
Title Changing face of processed food industry in India /
260 ## - PUBLICATION, DISTRIBUTION, ETC. (IMPRINT)
Place of publication New Delhi :
Name of publisher Ane books India ,
Year of publication 2008.
300 ## - PHYSICAL DESCRIPTION
Number of Pages 318 ;
Accompanying material `.
942 ## - ADDED ENTRY ELEMENTS (KOHA)
Koha item type Books
Holdings
Withdrawn status Lost status Damaged status Home library Current library Date acquired Full call number Accession Number Koha item type
      KAUAET KAUAET 07/04/2012 664 21409 Books
free website counter